000 00674nam a2200229Ia 4500
003 OSt
005 20221007082252.0
006 a|||||r|||| 00| 0
007 ta
008 221006b |||||||| |||| 00| 0 eng d
024 _a18,051
037 _cReports / Technical Reports
040 _aFLL
_cFLL
_beng
041 _2eng
_aeng
082 _aY5927.2.N71t, L2
100 _aMane S. Au.
_9698954
245 0 _aReport of the commissioner for scheduled castes and scheduled tribes for the year 1970-1971
260 _c1972
300 _a329p
_ccm.
942 _hY5927.2.N71t, L2
_cREP
_2CC
999 _c1165869
_d1165869